| LEADER | 01407nam a2200193 4500 | ||
|---|---|---|---|
| 082 | |a 530.076 |b B 103 t | ||
| 100 | |a . | ||
| 245 | |a Bài tập vật lí 10 nâng cao/ |c Lương Duyên Bình chủ biên, Nguyễn Xuân Chi, Tô Giang,...- | ||
| 260 | |a H.: |b Giáo dục, |c 2006.- | ||
| 300 | |a 199tr.; |c 24cm | ||
| 520 | |a . | ||
| 653 | |a Vật lí | ||
| 942 | |2 ddc |c STK0 | ||
| 999 | |c 12032 |d 12032 | ||
| 952 | |0 0 |1 0 |2 ddc |4 0 |6 530_076000000000000_B_103_T |7 0 |8 500 |9 102181 |a qbu |b qbu |c D3 |d 2015-12-14 |g 7700 |l 1 |o 530.076 B 103 t |p 11460.c1 |r 2017-03-06 |s 2017-03-02 |w 2015-12-14 |y STK0 |0 0 |6 530_076000000000000_B_103_T | ||
| 952 | |0 0 |1 0 |2 ddc |4 0 |6 530_076000000000000_B_103_T |7 0 |8 500 |9 102182 |a qbu |b qbu |c D3 |d 2015-12-14 |g 7700 |l 2 |o 530.076 B 103 t |p 11460.c2 |r 2017-04-03 |s 2017-03-29 |w 2015-12-14 |y STK0 |0 0 |6 530_076000000000000_B_103_T | ||
| 952 | |0 0 |1 0 |2 ddc |4 0 |6 530_076000000000000_B_103_T |7 0 |8 500 |9 102183 |a qbu |b qbu |c D3 |d 2015-12-14 |g 7700 |l 1 |o 530.076 B 103 t |p 11460.c3 |r 2017-04-03 |s 2017-03-29 |w 2015-12-14 |y STK0 |0 0 |6 530_076000000000000_B_103_T | ||
| 952 | |0 0 |1 0 |2 ddc |4 0 |6 530_076000000000000_B_103_T |7 0 |8 500 |9 102184 |a qbu |b qbu |c D3 |d 2015-12-14 |g 7700 |l 3 |m 2 |o 530.076 B 103 t |p 11460.c4 |r 2020-05-15 |s 2020-04-20 |w 2015-12-14 |y STK0 |0 0 |6 530_076000000000000_B_103_T | ||
| 952 | |0 0 |1 0 |2 ddc |4 0 |6 530_076000000000000_B_103_T |7 0 |8 500 |9 109384 |a qbu |b qbu |c D3 |d 2016-12-27 |g 7700 |o 530.076 B 103 t |p 11460.C5 |r 0000-00-00 |w 2016-12-27 |y STK0 |0 0 |6 530_076000000000000_B_103_T | ||